000 00257nam a22001097a 4500
008 231002b |||||||| |||| 00| 0 eng d
100 _aKeenz,H.G.
_94922
245 _aMadhava Rao Sindhia
260 _aDelhi;
_bS.Chand;
_c1968;
300 _a207p
942 _cBK
999 _c39758
_d39758